00525nam a2200181 a 45000010010000000030011000100080041000210350026000620820014000881000022001022450023001242600042001476500017001899420012002069520090002189980020003089990015003280000-9347ELIB.Books110520 1953  a(ELIB.Books)0000-9499 a232 bFle aFleming, Sandford aWhere Jesus Walked bPhiladelphia: The Judson Press c1953 aJesus Christ 2ddccBK 00102ddc4070aKBTSbKBTSd2011-05-20l0p1923r2022-01-22 00:00:00w2022-01-22yBK cbate2011-05-20 c9347d9347